000 00444nam a2200169Ia 4500
005 20260429112218.0
008 260429s9999||||xx |||||||||||||| ||und||
020 _a9788196980825
041 _aEnglish
082 _a540
_bVIN
100 _aNoel, Vincent
245 0 _aEngineering chemistry /
_cVincent Noel
260 _aNew Delhi :
_bDiscovery Publishing House,
_c2025.
300 _aviii, 280 p.; hb
650 _aChemistry
942 _cTB
999 _c52924
_d52924